00478nam a2200133 a 450000100080000000500110000800800410001910000230006024500590008326000270014230000100016952001480017965300170032711265122017-08-10 2009 bl uuuu u0uu1 u #d1 aAMARAL J??NIOR, H. aApostila Curso de Oceanografia.h[electronic resource] aItaja??: Univalic2009 a45 p. aDescri????o de metodologias e tecnicas para cultivo, reprodu????o, melhoramento gen??tico, ictiopatologia para alunos do curso de Oceanografia. aPiscicultura